|
|
|
|
| LEADER |
00000nam a22000007a 4500 |
| 005 |
20191004003521.0 |
| 007 |
cr|||| |||| |
| 008 |
191004s2019 es |||||s|||| 00||0 spa d |
| 020 |
|
|
|a 9786200019639
|
| 035 |
|
|
|a 29250
|
| 040 |
|
|
|a vLex
|
| 090 |
|
|
|c 9713
|d 9713
|
| 100 |
1 |
|
|a Acurio Del Pino, Santiago Martn̕
|
| 245 |
1 |
0 |
|a Derecho Penal Informt̀ico
|h [Recurso electrn̤ico] /
|c Santiago Martn̕ Acurio Del Pino
|
| 250 |
|
|
|a Segunda Edicin̤
|
| 256 |
|
|
|a Servicio en ln̕ea
|
| 260 |
|
|
|a Madrid:
|b Editorial Acadm̌ica Espaǫla,
|c 2019
|
| 300 |
|
|
|a 1 recurso electrn̤ico
|
| 500 |
|
|
|a El estudio de las implicaciones de la informt̀ica en el fenm̤eno delictivo resulta una cuestin̤ apasionante para quien observa el impacto de las nuevas tecnologa̕s en el m̀bito social. Efectivamente, el desarrollo y masificacin̤ de las nuevas tecnologa̕s de la informacin̤ han dado lugar a cuestiones tales como el anl̀isis de la suficiencia del sistema jurd̕ico actual para regular las nuevas posiciones, los nuevos escenarios, en donde se debaten los problemas del uso y abuso de la actividad informt̀ica y su repercusin̤ en el mundo contemporǹeo, en especial en el Jurd̕ico, en este sentido el presente trabajo pretende ser un aporte a la escasa o inexistente doctrina, que en el campo del derecho informt̀ico y especial del derecho penal informt̀ico existe en nuestro pas̕.
|
| 506 |
1 |
|
|a Disponible solo en los productos indicados
|d vLex Global
|d vLex Global (Academic Edition, excluding Law Schools)
|d vLex Global (U.S. Academic Edition, Law Schools)
|d vLex Global (U.S. Academic Edition, excluding Law Schools)
|d vLex Global (Academic Edition, Law Schools)
|
| 650 |
0 |
4 |
|a Derecho Penal
|z Espaą
|
| 740 |
0 |
|
|a vLex Libros (Servicio en ln̕ea)
|
| 856 |
4 |
0 |
|u http://vlex.com/source/29250
|z Acceso restringido
|
| 942 |
|
|
|c BOOK
|
| 999 |
0 |
|
|a Criminal law
|